Random Knowledge Quiz #11 - Statistics

General Stats
  • This quiz has been taken 257 times
    201 since last reset
  • The average score is 6 of 15
Answer Stats
Question Answer % Correct
What's the first name of Gosling, Seacrest, Adams, Reynolds, and Phillippe? Ryan
99%
How many days did the first woman to serve in United States Senate, Rebecca Felton, serve? 1
71%
What term means both twice a week or once every two weeks? Bi-weekly
66%
Which fastfood restaurant has become a Japanese Christmas tradition? KFC
66%
What are baby owls called? Owlets
48%
Name one of the two bands whose drummer's name is Roger Taylor. Queen or Duran Duran
46%
Which James Bond actor did a cameo as an anonymous Storm Trooper in Star Wars: The Force Awakens? Daniel Craig
45%
Rounding up to a full year, how long does it take Jupiter to complete a rotation around the sun? 12 years
39%
What was the first self-governing country to give women the right to vote? New Zealand
34%
Finish these lyrics: "I looked at my kingdom / I was finally there / To sit on my throne as the..." Prince of Bel-Air
32%
Which car company invented the three-point seatbelt? Volvo
30%
The longest unbroken alliance in world history is between England and...? Portugal
24%
What was bubble wrap originally intended to be? Wallpaper
8%
Which movie has the highest body count with 836 on-screen deaths? Lord of the Rings: Return of the King
3%
In William Shakespeare's play Julius Caesar, what are Ceasar's last words? Et tu Brute! Then fall Caesar!
1%
No matching quizzes found
Score Distribution
Percent of People with Each Score
Percentile by Number Answered
Your Score History
You have not taken this quiz since the last reset